• 首页
  • 本馆介绍
  • 公告通知
  • 最新文献
  • 馆藏检索
  • 电子资源
  • 读者导购
  • 参考咨询
  • 我的图书馆
  • 登录
  • 详细信息显示
  • 放入我的书架
  • 预约/预借图书
  • 作者相关作品
  • 分类相关作品
  • 丛书相关作品
  • 出版社相关作品

书目信息

  • 表格格式
  • 工作单格式
  • 卡片格式
题名:
植物病害检疫学
    
 
作者: 洪霓 高必达
分册:  
出版信息: 北京   科学出版社  2005
页数: 287
开本: 26cm
丛书名:
单 册:
中图分类: S41-3
科图分类:
主题词: 植物检疫
电子资源:
ISBN: 7-03-015990-X
000 00517nam0 2200181 450
001 0741144344
005 20070817112544.34
010    @a7-03-015990-X@d¥30.00
100    @a20070817d km y0chiy0120 ea
101 0  @achi
200 1  @a植物病害检疫学@Azhi wu bing hai jian yi xue@f洪霓 高必达@Fhong ni gao bi da
210    @a北京@c科学出版社@d2005
215    @a287@d26cm
606 0  @a植物检疫
690    @aS41-3@v3
701  0 @a洪霓 高必达@Ahong ni gao bi da
801  0 @aCN@bPFT@c20070817
905    @a213230@dS41-3@en1@f1
    
    植物病害检疫学/洪霓 高必达.-北京:科学出版社,2005
    287;26cm
    
    
    ISBN 7-03-015990-X:¥30.00
    
●
相关链接 在E读中查询图书 在五车中查询图书 在当当中查询图书 在豆瓣中查询图书


正题名:植物病害检疫学     索取号:S41-3/n1         预约/预借

序号 登录号 条形码 馆藏地/架位号 状态 备注
1 6601312   266013128   密集书库-生命科学系/ [索取号:S41-3/n1] 在馆    
唐山师范学院图书馆 欢迎您!
大连网信软件有限公司© 版权所有